000 00425nam a22001817a 4500
003 OSt
005 20230904162749.0
008 230904b |||||||| |||| 00| 0 eng d
020 _a9789351361619
082 _a823.92
_bSRIB
100 _aSRINIVASAN, Ashok
245 _aBook of common signs
260 _aDelhi
_bFourth Estate
_c2014
300 _a179p
546 _aEnglish
650 _aEnglish Fiction
942 _2ddc
_cBK
999 _c3403
_d3403